| 000 | 00990nam0a22002891 4500 | ||
|---|---|---|---|
| 001 | v19\rc\1947396 | ||
| 005 | 20251118180904.3 | ||
| 035 | _a(NLR Aleph) 005032749 | ||
| 090 |
_a6708710 _c6708710 |
||
| 100 | _a20080428d1913 u y0rusy50 ca | ||
| 101 | 0 | _arus | |
| 102 | _aRU | ||
| 105 | _ay z ||||| | ||
| 200 | 1 |
_aПолевая гимнастика _eБоевые приемы преодоления препятствий полевой гимнастики из Наставления 1910 г. |
|
| 210 |
_aРославль _cтип. А.В. Рафаилова _d[1913] |
||
| 215 |
_a[2], 23 с. _d17 |
||
| 316 |
_aЭкземпляр РНБ (37.53.8.423): утрачен _5NLR: 37.53.8.423 |
||
| 700 | 1 |
_aЕремич _bМ. |
|
| 801 | 0 |
_aRU _bNLR _gpsbo |
|
| 801 | 0 |
_aRU _bRuMoRGB _2psbo |
|
| 801 | 1 |
_aRU _bProSoft-M _2rusmarc |
|
| 852 |
_aNLR _j37.53.8.423 |
||
| 899 |
_aRuMoRGB _jU 419/219 |
||
| 899 |
_aRuMoRGB _jЪ 448/163 |
||
| 899 |
_aRuMoRGB _jV 16/2061 |
||
| 942 | _cBOOK | ||
| 980 | _aNB | ||